Derecho comercial

Shranjeno v:
Bibliografske podrobnosti
Glavni avtor: Sandoval López, Ricardo (autor)
Format: Knjiga
Jezik:španščina
Izdano: Santiago, Chile: Jurídica de Chile, 2007
Izdaja:Sexta edición actualizada
Serija:Colección Manuales Jurídicos, 85
Teme:
Oznake: Označite
Brez oznak, prvi označite!

MARC

LEADER 00000cam a2200000 a 4500
001 UCI6357
003 CL-VaPUC
005 20240718141835.0
008 080430e20070000CL |||||||||||||||||spa|d
999 |c 329876  |d 329874 
020 |a 9789561016002 
020 |a 9789561018105t.4 
040 |c Pontificia Universidad Católica de Valparaíso 
082 0 4 |a 346.07 SAN 2007  |2 21 
100 1 |a Sandoval López, Ricardo  |e autor  |9 170 
245 1 0 |a Derecho comercial 
250 |a Sexta edición actualizada 
260 |a Santiago, Chile:  |b Jurídica de Chile,  |c 2007 
300 |a Tomo 4 
490 0 |a Colección Manuales Jurídicos, 85 
500 |a Actualizada con la reforma sobre convenios concursales, leyes N§20.004, 20.073 y 20.080 
505 |a t.4: La insolvencia de la empresa; derecho concursal: quiebras, convenios y cesiones de bienes 
583 |a last modification  |c 20121119 08:17:22  |k Rodrigo Vera 
650 0 |a Derecho comercial   |9 256340 
650 0 |a Derecho concursal   |9 374010 
650 0 |a Derecho de quiebra  |9 427106 
650 0 |a Presupuestos de quiebra  |9 890214 
650 0 |a Declaración de quiebra  |9 553160 
650 0 |a Efectos de la quiebra  |9 890215 
650 0 |a Liquidación de pasivo  |9 890216 
650 0 |a Administración de activos  |9 890217 
650 0 |a Cesión de bienes  |9 385694 
942 |c BK  |2 ddc 
945 |d 20080430 00:00:00  |a cmena 
952 |0 0  |1 0  |4 0  |6 346_070000000000000_SAN_2007  |7 0  |8 A  |9 415020  |a BIBDER  |b BIBDER  |d 2019-11-22  |h t.4  |i 4484932  |o 346.07 SAN 2007  |p 4484932  |r 2023-01-25  |w 2019-11-22  |y BK  |k DER 
952 |0 0  |1 0  |4 0  |6 346_070000000000000_SAN_2007  |7 0  |8 A  |9 415021  |a BIBDER  |b BIBDER  |d 2019-11-22  |h t.4  |i 4509412  |o 346.07 SAN 2007  |p 4509412  |r 2023-01-25  |w 2019-11-22  |y BK  |k DER 
952 |0 0  |1 0  |4 0  |6 346_070000000000000_SAN_2007  |7 0  |8 A  |9 415022  |a BIBDER  |b BIBDER  |d 2019-11-22  |h t.4  |i 4726936  |o 346.07 SAN 2007  |p 4726936  |r 2023-01-25  |w 2019-11-22  |y BK  |k DER 
952 |0 0  |1 0  |4 0  |6 346_070000000000000_SAN_2007  |7 0  |8 A  |9 415023  |a BIBDER  |b BIBDER  |d 2019-11-22  |h t.4  |i 4726944  |l 1  |m 2  |o 346.07 SAN 2007  |p 4726944  |q 2025-12-31  |r 2020-03-18  |s 2020-03-18  |w 2019-11-22  |y BK  |k DER 
952 |0 0  |1 0  |4 0  |6 346_070000000000000_SAN_2007  |7 0  |8 A  |9 415024  |a BIBDER  |b BIBDER  |d 2019-11-22  |h t.4  |i 4726952  |o 346.07 SAN 2007  |p 4726952  |r 2023-01-25  |w 2019-11-22  |y BK  |k DER 
952 |0 0  |1 0  |4 0  |6 346_070000000000000_SAN_2007  |7 0  |8 A  |9 415029  |a BIBGIM  |b BIBGIM  |d 2019-11-22  |h t.4  |i 4924975  |o 346.07 SAN 2007  |p 4924975  |r 2025-01-15  |w 2019-11-22  |y BK  |k COM 
952 |0 0  |1 0  |4 0  |6 346_070000000000000_SAN_2007  |7 0  |8 A  |9 415030  |a BIBGIM  |b BIBGIM  |d 2019-11-22  |h t.4  |i 4924983  |o 346.07 SAN 2007  |p 4924983  |r 2025-01-15  |w 2019-11-22  |y BK  |k COM 
952 |0 0  |1 0  |4 0  |6 346_070000000000000_SAN_2007  |7 0  |8 A  |9 415031  |a BIBGIM  |b BIBGIM  |d 2019-11-22  |h t.4  |i 4924991  |o 346.07 SAN 2007  |p 4924991  |r 2025-01-15  |w 2019-11-22  |y BK  |k COM 
952 |0 0  |1 0  |4 0  |6 346_070000000000000_SAN_2007  |7 0  |8 A  |9 415032  |a BIBGIM  |b BIBGIM  |d 2019-11-22  |h t.4  |i 4925009  |o 346.07 SAN 2007  |p 4925009  |r 2025-01-15  |w 2019-11-22  |y BK  |k COM 
952 |0 0  |1 0  |4 0  |6 346_070000000000000_SAN_2007  |7 0  |8 A  |9 415033  |a BIBGIM  |b BIBGIM  |d 2019-11-22  |h t.4  |i 4925017  |o 346.07 SAN 2007  |p 4925017  |r 2025-01-15  |w 2019-11-22  |y BK  |k COM 
952 |0 0  |1 0  |4 0  |6 346_070000000000000_SAN_2007  |7 0  |8 A  |9 415034  |a BIBGIM  |b BIBGIM  |d 2019-11-22  |h t.4  |i 4925025  |o 346.07 SAN 2007  |p 4925025  |r 2025-01-15  |w 2019-11-22  |y BK  |k COM 
952 |0 0  |1 0  |4 0  |6 346_070000000000000_SAN_2007  |7 0  |8 A  |9 415035  |a BIBGIM  |b BIBGIM  |d 2019-11-22  |h t.4  |i 4925033  |o 346.07 SAN 2007  |p 4925033  |r 2025-01-15  |w 2019-11-22  |y BK  |k COM